00648nab a2200169 i 4500001000700000003000900007005001700016008004100033040001300074100005000087245010100137300002000238650005000258655001700308710005200325773010100377180820ES-MaACL20250904063108.0120717s1913 sp 000 s spa d aES-MaACL1 aUgarte y Albizu, Eduardo,d1872-ca. 1933eaut10aConcepto y justicia del impuesto único sobre el valor del suelo /cpor Eduardo Ugarte y Albizu aPáginas 30-42 4aPropiedad inmobiliaria-xImpuestos-zEspaña 4aConferencias2 aCírculo de la Unión Mercantil (Madrid)eisb0 tLa Palabra : revista taquigráfica, xISSN 2479-7723,gN. 16 (15 ag.1913), p. 30-4202879w2879